LEADER 01319nam a2200277 i 4500 001 000000154200 003 CaOOAMICUS 005 20241121124532.0 008 061011s2006 gw u000 u ger u 013 $a131546 020 $a3-11-018848-1 040 $aSeMil$bita 100 1 $aRudnig, Thilo Alexander,$d<1966- >.$0(OLS)http://semarc/name/37280 245 10$aDavids Thron :$bRedaktionsktitische Studien zur Geschichte von der Thronnachfolge Davids /$cThilo Alexander Rudnig. 260 $aBerlin ; New York :$bDe Gruyter,$c2006. 300 $axi, 444 p. ;$c24 cm. 490 0 $aBeihefte zur Zeitschrift für die alttestamentliche Wissenschaft ;$v358 650 4$aBibbia - AT - David (Re).$0(OLS)http://semarc/subject/1555 830 0$aBeihefte zur Zeitschrift für die alttestamentliche Wissenschaft ;$v358.$0(OLS)http://semarc/title/294 850 $aSeMil 852 $aSeMil$W1$xVenegono$y1$m2XA Q 358$j251145$B106062$CSeMilBibl$Z2$F115275 $81 961 $aSottoscrizione: De Gruyter 996 $6020$a3-11-018848-1$9(OLS)http://semarc/number/144102 996 $6245$aDavids Thron :$bRedaktionsktitische Studien zur Geschichte von der Thronnachfolge Davids$9(OLS)http://semarc/title/225650 996 $6260$aBerlin ; New York :$bDe Gruyter$9(OLS)http://semarc/publisher/29892 LEADER 01234nam a2200217 i 4500 001 000000229434 003 CaOOAMICUS 005 20140509000000.0 008 140509s1785 it u000 u fre u 013 $a208336 026 $a0.e, 2.0. 7.1. (3(2 (3) 1785 (R) 040 $aSeMil$bita 245 10$aTome 6. 300 $a[4], 512 p. 500 $aSegn. : pigreco2 A-2I8. 773 0 $aTricalet, Pierre-Joseph$tBibliotheque portative des Pères de l'Église; ou sur chaque père, on expose 1. l'histoire abrégée de sa vie; 2. L'analyse de ses principaux ouvrages; 3. Le précis de sa doctrine; 4. Quelques sentences tirées de ses écrits. ... Par un directeur de séminaire à Paris.$dA Paris : chez Onfroi, Libraire, Quai des Augustins; Laporte, imprimeur-Libraire, rue des Noyers; A Toulouse, chez N. Etienne Sens, Libraire, vis-a-vis Saint Rome; A Nismes, chez Gaude, Pere, Fils & Compagnie, Libraires, 1786-1787.$bNouvelle Edition, revue, corrigée & augmentée par M. Laurent-Etienne Rondet ...$g6$w()29836 850 $aSeMil 852 $aSeMil$W1$xVenegono$y1$m2T II 53 FA$j179780$B179780$CSeMilBibl$Z2$F190892 $8I 941 1 $a10 961 $aRecupero: Mantegazza 996 $6245$aTome 6$9(OLS)http://semarc/title/1601